000 00418nam a2200133Ia 4500
005 20220909163853.0
008 210122b ###||||| |||| 00| 0 spa d
040 _aBIBLIOTECA MUNICIPAL DE BARRANCO
_cBIBLIOTECA MUNICIPAL DE BARRANCO
082 _a985.019
_bB96 H
100 _aDel Busto Jose Antonio
245 0 _aHistoria-los hijos del sol
942 _cBK
_22022-08-24
_zERBG
999 _c5649
_d5649